|
|
|
|
| LEADER |
00910nab#a2200313#ar4500 |
| 001 |
000045913 |
| 003 |
SVKKK |
| 005 |
20061213110734.0 |
| 008 |
030729c2000 xo e sloo |
| FMT |
|
|
|
| 015 |
|
|
|a SNBRB2001/07-xxxxx
|
| 038 |
|
|
|a SVKKK
|
| 040 |
|
|
|a SVKKK
|b slo
|e AACR2
|
| 041 |
0 |
|
|a slo
|b slo
|
| 044 |
|
|
|a xo
|c SK
|
| 080 |
|
|
|a 552.163(234.372.3)
|2 1981
|
| 100 |
1 |
|
|a Siman, Pavol
|4 aut
|
| 245 |
1 |
0 |
|a Petrologické zhodnotenie a tektonometamorfný vývoj "páskovaných migmatitov" hybridnej zóny južného veporika
|c Pavol Siman
|
| 504 |
|
|
|a Bibliogr. odkazy
|
| 504 |
|
|
|a Res. slov.
|
| 650 |
0 |
4 |
|a migmatity
|x petrológia
|z Západné Karpaty (Slovensko)
|
| 650 |
0 |
4 |
|a veporikum
|x vývoj tektonometamorfný
|
| 773 |
0 |
|
|t Geologické práce : správy
|x 0433-4795
|g Č. 104 (2000), s. 29-31
|
| 958 |
|
|
|a NB
|
| 958 |
|
|
|a SK
|
| 974 |
|
|
|a 244
|d 20010719
|
| 992 |
|
|
|a RBX
|
| BAS |
|
|
|
| 998 |
|
|
|a GEO
|